Sourcebook of electronic circuits. (Record no. 61149)
[ view plain ]
| 000 -LEADER | |
|---|---|
| fixed length control field | 00750nam a22001937a 4500 |
| 003 - CONTROL NUMBER IDENTIFIER | |
| control field | NUST-PNEC |
| 005 - DATE AND TIME OF LATEST TRANSACTION | |
| control field | 20170116180716.0 |
| 008 - FIXED-LENGTH DATA ELEMENTS--GENERAL INFORMATION | |
| fixed length control field | 141018b xxu||||| |||| 00| 0 eng d |
| 020 ## - INTERNATIONAL STANDARD BOOK NUMBER | |
| International Standard Book Number | 0070404437 |
| 040 ## - CATALOGING SOURCE | |
| Transcribing agency | PNEC |
| 082 ## - DEWEY DECIMAL CLASSIFICATION NUMBER | |
| Classification number | 621.3815 MAR |
| 100 ## - MAIN ENTRY--PERSONAL NAME | |
| 9 (RLIN) | 685 |
| Personal name | Markus John |
| 245 ## - TITLE STATEMENT | |
| Title | Sourcebook of electronic circuits. |
| Statement of responsibility, etc. | John Markus |
| 260 ## - PUBLICATION, DISTRIBUTION, ETC. | |
| Place of publication, distribution, etc. | New York, |
| Name of publisher, distributor, etc. | McGraw-Hill |
| Date of publication, distribution, etc. | c.1968 |
| 300 ## - PHYSICAL DESCRIPTION | |
| Extent | vii, 888 pages |
| Other physical details | chiefly illustrations |
| Dimensions | 28 cm |
| 500 ## - GENERAL NOTE | |
| General note | http://www.amazon.com/Sourcebook-Electronic-Circuits-John-Markus/dp/0070404437/ref=sr_1_1?s=books&ie=UTF8&qid=1413627432&sr=1-1&keywords=0070404437 https://www.worldcat.org/title/sourcebook-of-electronic-circuits/oclc/373461&referer=brief_results |
| 650 ## - SUBJECT ADDED ENTRY--TOPICAL TERM | |
| General subdivision | EL |
| 942 ## - ADDED ENTRY ELEMENTS (KOHA) | |
| Source of classification or shelving scheme | |
| Koha item type | Book |
| Withdrawn status | Lost status | Source of classification or shelving scheme | Damaged status | Not for loan | Permanent Location | Current Location | Shelving location | Date acquired | Source of acquisition | Cost, normal purchase price | Total Checkouts | Full call number | Barcode | Date last seen | Cost, replacement price | Price effective from | Koha item type |
|---|---|---|---|---|---|---|---|---|---|---|---|---|---|---|---|---|---|
| Pakistan Navy Engineering College (PNEC) | Pakistan Navy Engineering College (PNEC) | Reference | 08/25/1986 | Habib Sons | 1737.00 | 621.3815 MAR | PNECLIB-010274 | 10/18/2014 | 1737.00 | 08/25/1986 | Book |
